Long Way Down - One Direction (All Lyrics) - Statistics

General Stats
  • This quiz has been taken 29 times
  • The average score is 173 of 190
Answer Stats
Answer % Correct
a
100%
an
100%
and
100%
but
100%
don't
100%
down
100%
for
100%
I
100%
I'm
100%
in
100%
it
100%
it?
100%
it's
100%
long
100%
no
100%
the
100%
to
100%
way
100%
We
100%
we
100%
yeah
100%
know
94%
never
94%
now
94%
so
94%
too
94%
all
88%
around
88%
built
88%
cathedral
88%
flames
88%
how
88%
just
88%
of
88%
prayed
88%
turn
88%
you
88%
away
82%
'cause
82%
couldn't
82%
falling
82%
fire
82%
from
82%
had
82%
high
82%
land
82%
late
82%
made
82%
ocean
82%
return
82%
spaceship
82%
took
82%
try
82%
up
82%
drowned
76%
forgive
76%
got
76%
granted
76%
island
76%
point
76%
who
76%
here
71%
sailed
71%
struggle
71%
walked
71%
waves
71%
went
71%
found
65%
such
65%
mountain
59%
planned
59%
could've
53%
stranded
53%
struggling
53%
but we
29%
and now
24%
No matching quizzes found
Score Distribution
Percent of People with Each Score
Percentile by Number Answered
Your Score History
You have not taken this quiz